The Oxford dictionary of the Christian Church :

محفوظ في:

المؤلف الرئيسي: Cross, F. L.

التنسيق: كتاب

اللغة: Undetermined

منشور في: London : Oxford University Press, 1957.

الموضوعات:

الوسوم: إضافة وسم

لا توجد وسوم, كن أول من يضع وسما على هذه التسجيلة!

رقم الطلب: (Ref.) BR95 .O8

LEADER 00589nam a2200157Ia 4500
008 220712s9999||||xx |||||||||||||| ||und||
050 4 |a (Ref.) BR95 .O8 
100 1 |a Cross, F. L. 
245 1 4 |a The Oxford dictionary of the Christian Church : 
264 1 |a London :  |b Oxford University Press,  |c 1957. 
300 |a xix, 1492p. :  |b  ;  |c 25cm. 
504 |a Includes bibliographical references. 
555 4 |o (Ref.) BR95 .O8 
650 4 |a Christianity Dictionaries. 
952 |0 0  |1 0  |2 lcc  |4 0  |7 1  |9 41787  |a ARCE  |b ARCE  |d 2022-07-21  |l 0  |o (Ref.) BR95 .O8  |p 1033423  |r 2022-07-21 00:00:00  |w 2022-07-21  |y BK 
999 |c 48766  |d 48766